00323 2200145 4500245003900000250001100039100002000050650001700070650001600087005001900103260001800122041001400140084001400154336000900168 aIni KisahkucSiti RahmadaniahText aCet. 1 aSiti Rahmadania aAutobiografi aKarya Siswa a20250520103306 aJakartac2025 aIndonesia a081 SIT i atext